Nennen Sie die zweitgrößte Stadt - 2 - Statistiken

Allgemein
  • Dieses Quiz wurde 92 mal gespielt
  • Das Durchschnittsergebnis liegt bei 12 aus 20
Antwortstatistiken
Hint Antwort % Korrekt
Vereinigtes Königreich Birmingham
94%
Türkei Ankara
92%
Niederlande Rotterdam
90%
Brasilien Rio de Janeiro
89%
China Shanghai
85%
Norwegen Bergen
80%
Kanada Montreal
76%
Ägypten Alexandria
73%
Griechenland Thessaloniki
71%
Dänemark Aarhus
61%
Tschechien Brünn
59%
Neuseeland Christchurch
52%
Kolumbien Medellin
49%
Syrien Damaskus
47%
Japan Yokohama
43%
Pakistan Lahore
41%
Saudi-Arabien Dschidda
34%
Mexiko Tijuana
33%
Ghana Kumasi
15%
Nicaragua Leon
11%
Keine übereinstimmenden Quizze gefunden
Verteilung der Resultate
Anzahl Personen mit jedem Resultat
Perzentil nach korrekt beantworteten Fragen
Ihre Resultats-Entwicklung
Sie haben dieses Quiz noch nicht gespielt